Engineering thermodynamics (Record no. 20728)

000 -LEADER
fixed length control field 00542nam a22002051 4500
001 - CONTROL NUMBER
control field 20728
003 - CONTROL NUMBER IDENTIFIER
control field BD-DhUET
008 - FIXED-LENGTH DATA ELEMENTS--GENERAL INFORMATION
fixed length control field 770509s1957 enka 000 0 eng
040 ## - CATALOGING SOURCE
Original cataloging agency DLC
Transcribing agency DLC
Modifying agency BD-DhUET
082 ## - DEWEY DECIMAL CLASSIFICATION NUMBER
Classification number 621.01
Item number ROG/1963
100 1# - MAIN ENTRY--PERSONAL NAME
Personal name Rogers, G. F. C.
245 10 - TITLE STATEMENT
Title Engineering thermodynamics
Remainder of title work and heat transfer
250 ## - EDITION STATEMENT
Edition statement 1st ed.
260 ## - PUBLICATION, DISTRIBUTION, ETC. (IMPRINT)
Place of publication, distribution, etc. New York
Name of publisher, distributor, etc. Longman
Date of publication, distribution, etc. 1957
300 ## - PHYSICAL DESCRIPTION
Extent x, 619 p.
Other physical details illus.
Dimensions 23 cm.
504 ## - BIBLIOGRAPHY, ETC. NOTE
Bibliography, etc Includes bibliographies
650 #0 - SUBJECT ADDED ENTRY--TOPICAL TERM
Topical term or geographic name as entry element Thermodynamics
700 1# - ADDED ENTRY--PERSONAL NAME
Personal name Mayhew, Y. R.
942 ## - ADDED ENTRY ELEMENTS (KOHA)
Koha item type General Book
Holdings
Source of classification or shelving scheme Piece designation (barcode) Withdrawn status Shelving location Sublocation or collection (holding branch) Koha normalized classification for sorting Date acquired Koha full call number Koha item type Price effective from Koha date last seen Location (home branch) Lost status Copy number Not for loan Damaged status
 25427 Circulation sectionCentral Library, BUET621_010000000000000_ROG_19632015-04-12621.01/ROG/1963General Book2015-04-122015-04-12Central Library, BUET 1  
 18272 Reading sectionCentral Library, BUET621_010000000000000_ROG_19632015-06-14621.01/ROG/1963Reading Item2015-06-142015-06-14Central Library, BUET 2  
 18274 Reading sectionCentral Library, BUET621_010000000000000_ROG_19632015-06-14621.01/ROG/1963Reading Item2015-06-142015-06-14Central Library, BUET 3  
 1374 Reading sectionCentral Library, BUET621_010000000000000_ROG_19632015-06-14621.01/ROG/1963Reading Item2015-06-142015-06-14Central Library, BUET 4